000 00886cam a2200253 a 4500
999 _c533136
_d533136
001 4374981
003 NUST
038 _aM.Ramzan
040 _aNcD
_cDLC
_dDLC
042 _alccopycat
043 _aa-ii---
050 0 0 _aQH183
_b.K48 1990
082 0 0 _a508.5456
_220
_bSIN
100 0 _aKhushwant Singh,
_d1915-2014.
_912976
245 1 0 _aNature watch /
_ctext by Khushwant Singh ; illustrations by Suddhasattwa Basu.
260 _aNew Delhi :
_bThe India today Group,
_c2003..
300 _a132 p. :
_bill. (some col.) ;
_c27 cm.
650 0 _aNatural history
_zIndia
_zDelhi Region.
_926858
650 0 _aNatural history
_zIndia
_zDelhi Region
_vPictorial works.
_926859
700 1 _aBasu, Suddhasattwa.
_926860
906 _a7
_bcbc
_ccopycat
_d3
_encip
_f19
_gy-gencatlg
942 _2ddc
_cBK